=LDR 00000nam 2200000 4500 =001 INLIS000000000005791 =005 20251029082101 =035 ##$$a 0010-1025000846 =007 ta =008 251029################f##########0#ind## =082 ##$$a 306.850 202 =084 ##$$a 306.850 202 BAD m =245 1#$$a Materi Dasar Promosi Mencegah Musibah Yang Tidak Perlu Terjadi Dalam Keluarga /$c BADAN KOORDINASI KELUARGA BERENCANA NASIONAL =260 ##$$a Jakarta :$b Badan Koordinasi Keluarga Berencana Nasional,$c 2010 =300 ##$$a 30 hlm. =650 #4$$a Keluarga =110 2#$$a BADAN KOORDINASI KELUARGA BERENCANA NASIONAL =856 ##$$a Perpustakaan Kemendukbangga